| 000 | 00907nam a2200217Ia 4500 | ||
|---|---|---|---|
| 999 |
_c64766 _d64766 |
||
| 003 | GCL | ||
| 005 | 20240530110749.0 | ||
| 008 | 140319s9999 xx 000 0 ara d | ||
| 040 |
_aGCL / _cGCL |
||
| 082 | 0 | 4 |
_a624.1 \ _bع م |
| 100 | 1 | _aعماد درويش | |
| 245 | 1 | 0 |
_aالمرجع الشامل فى الهندسة الانشائية : تصميم عناصر الشد والضغط فى المنشآت الفولاذية ج 5: العناصر الحاملة - القسم الاول / _cعماد درويش |
| 300 | _a368 ص | ||
| 490 |
_aالمرجع الشامل فى الهندسة الانشائية _v0 |
||
| 650 | 0 | 4 | _aالهندسة الانشائية |
| 650 | 0 | 4 | _aالهندسة الانشائية - نظريات |
| 650 | 0 | 4 | _aالتحليل الانشائى |
| 650 | 0 | 4 | _aالمنشآت الهندسية |
| 650 | 0 | 4 | _aالهندسة الانشائية - تصميمات |
| 942 |
_2ddc _cBK |
||